Κατάλογος Βιβλιοθηκών Mediterranean College

Nationalism and National Integration (Record no. 2489)

MARC details
000 -LEADER
fixed length control field 01460cam a22002054a 4500
005 - ΗΜΕΡΟΜΗΝΙΑ ΚΑΙ ΩΡΑ ΤΕΛΕΥΤΑΙΑΣ ΕΝΗΜΕΡΩΣΗΣ
Πεδίο ελέγχου 20250605164043.0
008 - FIXED-LENGTH DATA ELEMENTS--GENERAL INFORMATION
Πεδίο ελέγχου σταθερού μήκους 250528s ||||||||||||||||||||||||d
035 ## - SYSTEM CONTROL NUMBER
System control number 17049
020 ## - ISBN
ISBN 43201806
040 ## - ΠΗΓΗ ΚΑΤΑΛΟΓΟΓΡΑΦΗΣΗΣ
Φορέας πρωτότυπης καταλογογράφησης MC Athens Campus Library
Γλώσσα καταλογογράφησης Ελληνικά, Μοντέρνα (1453-)
Modifying agency MC Athens Campus Library
Κανόνες περιγραφικής καταλογογράφησης AACR2
245 1# - ΤΙΤΛΟΣ ΚΑΙ ΔΗΛΩΣΗ ΥΠΕΥΘΥΝΟΤΗΤΑΣ
Τίτλος Nationalism and National Integration
260 ## - PUBLICATION, DISTRIBUTION, ETC.
Date of publication, distribution, etc. 1989
300 ## - PHYSICAL DESCRIPTION
Extent 260
520 ## - SUMMARY, ETC.
Summary, etc. A stimulating analysis of the theory of nationalism, and the theories, process and problems of national integration. List of Tables, Acknowledgements, Theory and Principles, Concepts and Problems, The Origins and Nature of Nationalist Theory, Nationalism and Its Critics, National Integration, The Question of Minority Rights, Minority Nationalist Movements and the Question of Secession, Practice and Experience, National Integration in the United Kingdom, The British State, Wales and Scotland, Ireland, Colored Minorities, National Integration and Nationalism, National Integration in Canada, The Canadian State, Anglophones and Francophones, Ethic Diversity and Multiculturalism, The Indigenous Peoples, National Integration and Nationalism, National Integration in Australia, The Australian State, Ethnicity and Immigration, Multiculturalism, The Integration of Immigrants, The Indigenous People, National Integration and Nationalism, Conclusions, Bibliography, Index.
700 1# - ΠΡΟΣΘΕΤΗ ΑΝΑΓΡΑΦΗ--ΦΥΣΙΚΟ ΠΡΟΣΩΠΟ
Personal name Birch H. Anthony
9 (RLIN) 3158
700 1# - ΠΡΟΣΘΕΤΗ ΑΝΑΓΡΑΦΗ--ΦΥΣΙΚΟ ΠΡΟΣΩΠΟ
Personal name Unwin Hyman
9 (RLIN) 199
942 ## - ADDED ENTRY ELEMENTS (KOHA)
Koha item type Books
Holdings
Τύπος τεκμηρίου Βιβλιοθήκη Τρέχουσα τοποθεσία Barcode Αριθμός εισαγωγής Ημερομηνία απόκτησης Ταξιθετικό σύμβολο Αριθμός αντιτύπου Κατάσταση απόσυρσης Κατάσταση χαμένου Κατάσταση κατεστραμμένου Μη δανεισμός Σύνολο δανεισμών Ημερομηνία τελευταίας εμφάνισης Η τιμή ισχύει από
Books MC Athens Campus Library MC Athens Campus Library 9780000024886 7022 05/06/2025 320.5/4/091712 BIR 1           05/06/2025 05/06/2025

MC Athens Campus Library
Πατησίων 94 & Κοδριγκτώνος 13, 104 34
Πελλήνης 8 & Πατησίων 107, 112 51
Τ: +30 210 8899600

MC Thessaloniki Campus Library
Ίωνος Δραγούμη 21, 54625 | Ίωνος Δραγούμη 15, 54625
Τ: +30 2310 287779 – Τ: +30 2314 440300